Szczegóły MARC21

Grundwortschatz wirtschaftswissenschaftlicher Begriffe : englisch - deutsch, deutsch-englisch /

005 -DATA I CZAS OSTATNIEJ MODYFIKACJI [,]
    • @
    • pole kontrolne
    • 20070315155141.9
020 -Międzynarod. znormalizowany nr książki - ISBN [ , ]
    • a
    • Numer ISBN
    • 3437402412 Find
040 -Instytucja sporządzająca opis [ , ]
    • a
    • Instytucja, która sporządziła opis (NP)
    • SZCZ U
    • c
    • Instytucja, która sporządziła rekord (NP)
    • SZCZ U
942 -Rodzaj dokumentu [ , ]
    • c
    • Rodzaj dokumentu
    • Książka
245 -Strefa tytułu i oznaczenia odpowiedzialności [0, ]
    • a
    • Tytuł
    • Grundwortschatz wirtschaftswissenschaftlicher Begriffe : Find
    • b
    • Ciąg dalszy tytułu (NP)
    • englisch - deutsch, deutsch-englisch / Find
    • c
    • Pozostałe elementy strefy tytułu i oznaczenia odpowiedzialności (NP)
    • Urlich Peter Ritter, Karl Georg Zinn.
250 -Strefa wydania [ , ]
    • a
    • Oznaczenie wydania (NP)
    • 5.,bearb. und erw. Aufl.
260 -Strefa adresu wydawniczego [ , ]
    • a
    • Miejsce wydania (P)
    • Stuttgart :
    • b
    • Nazwa wydawcy (P)
    • G.Fischer,
    • c
    • Data wydania (P)
    • 1991.
300 -Strefa opisu fizycznego [ , ]
    • a
    • Określenie formy książki i/lub objętość (NP)
    • 272 s. :
    • c
    • Format (NP)
    • 19 cm.
490 -Strefa serii i książki wielotomowej - forma nie do wyszukiwania [0, ]
    • a
    • Tytuł (P)
    • (UNI-Taschenbücher : UTB für Wissenschaft ; Find
    • v
    • Numeracja (P)
    • 644)
500 -Uwaga ogólna [ , ]
    • a
    • Uwaga ogólna (NP)
    • Tekst w jęz. niem. i ang
080 -Uniwersalna Klasyfikacja Dziesiętna [ , ]
    • a
    • Symbol klasyfikacji
    • 33(03)=20=30
980 -Symbol UKD [ , ]
    • a
    • UKD
    • 33(03)=20=30
700 -Hasło dodatkowe - nazwa osobowa [ , ]
    • a
    • Nazwa osobowa (NP)
    • Ritter Ulrich Peter Find
700 -Hasło dodatkowe - nazwa osobowa [ , ]
    • a
    • Nazwa osobowa (NP)
    • Zinn Karl Georg Find
920 -ISBN [ , ]
    • a
    • ISBN
    • 3-437-40241-2 Find
Data inwentaryzacji Lokalizacja Sygnatura Numer inwentarzowy Status udost.
2001-01-12BEFUNDACJA POLSKO-NIEMIECKAS.87550-2